| 000 | 00889nam a22002537i 4500 | ||
|---|---|---|---|
| 003 | URS | ||
| 005 | 20220117090522.0 | ||
| 008 | 190212s2005 ph ||||| |||| 00| 0 eng | | ||
| 020 | _a9719339918 | ||
| 040 |
_beng _cURS _erda |
||
| 050 | 1 | 0 |
_aHM578 _b.L476 2005 |
| 100 | 1 |
_aLeaño, Roman D., Jr. _eauthor |
|
| 245 | 1 | 0 |
_aSociety and culture for college students : _ba modular approach / _cRoman D. Leaño, Jr. |
| 264 | 1 |
_aMakati City: _bMindshapers, Company, _c[date of publication not identified] |
|
| 264 | 4 | _c©2005 | |
| 300 |
_a322 pages : _c25.5 cm |
||
| 336 |
_2rdacontent _atext |
||
| 337 |
_2rdamedia _aunmediated |
||
| 338 |
_2rdacarrier _avolume |
||
| 504 | _aIncludes bibliographical references. | ||
| 524 | _aLeaño, R. D., Jr. (2005). Society and culture for college students : a modular approach. Makati City: Mindshapers, Company. | ||
| 650 | 0 | _aSociology | |
| 942 |
_cF _2lcc |
||
| 999 |
_c5903 _d5903 |
||